កូនពស់កេងកង : (Record no. 8646)

MARC details
000 -LEADER
fixed length control field 02886nam a22003137a 4500
001 - CONTROL NUMBER
control field 8646
003 - CONTROL NUMBER IDENTIFIER
control field FISKH
005 - DATE AND TIME OF LATEST TRANSACTION
control field 20251007145355.0
008 - FIXED-LENGTH DATA ELEMENTS--GENERAL INFORMATION
fixed length control field 251007b cb ||||| |||| 00| 0 eng d
020 ## - INTERNATIONAL STANDARD BOOK NUMBER
International Standard Book Number 9789995099862
040 ## - CATALOGING SOURCE
Original cataloging agency FISKH
Language of cataloging khr
Transcribing agency FISKH
Modifying agency FISKH
050 ## - LIBRARY OF CONGRESS CALL NUMBER
Classification number PZ7
082 ## - DEWEY DECIMAL CLASSIFICATION NUMBER
Classification number 895.966
100 ## - MAIN ENTRY--PERSONAL NAME
Personal name Sotheary, Kimsun
245 ## - TITLE STATEMENT
Title កូនពស់កេងកង :
Remainder of title The son of Keng Kang snake /
Statement of responsibility, etc. អ្នកស្រី គឹមស៊ុន សុធារី , គណះកម្មការអំនាន កញ្ញា វ៉ាត ចរិយា និង កញ្ញា ផូ វល្ខវឌ្ឍនា​
260 ## - PUBLICATION, DISTRIBUTION, ETC.
Place of publication, distribution, etc. Phnom Penh :
Name of publisher, distributor, etc. Reading Books ,
Date of publication, distribution, etc. 2009.
300 ## - PHYSICAL DESCRIPTION
Extent 24 pages :
Other physical details color illustrations ;
Dimensions 25 cm .
490 ## - SERIES STATEMENT
Series statement ពិភពរឿងនិទាន
505 ## - FORMATTED CONTENTS NOTE
Formatted contents note K <br/>
520 ## - SUMMARY, ETC.
Summary, etc. ល្វាចេកគឺជាម្តាយចុងរបស់សូរិយា។ ម្តាយរបស់នាងមិនចូលចិត្តនាង ហើយចង់ឲ្យនាងចេញពីផ្ទះ។<br/>ថ្លែងពីកូនពស់កេងកងតូចមួយដែលលាក់ខ្លួននៅក្នុងរូង ហើយអាចបម្លែងខ្លួនទៅជាបុរសស្អាតបាន។<br/>គាត់កំពុងជិះទូក ពេលដែលបានជួបសូរិយា ដែលកំពុងលោតលង់ទឹក ហើយពួកគេបានស្រលាញ់គ្នា។<br/>ម្តាយរបស់នាងមិនសប្បាយចិត្ត និងចង់ឲ្យគាត់ត្រឡប់ទៅសត្វពស់វិញ ដូច្នេះនាងបានឲ្យគាត់ផឹកថ្នាំមួយ ដែលបានបម្លែងគាត់ទៅជាពស់ភ្លាមៗ។<br/>សូរិយាបានយំ ពេលដែលបានឃើញប្ដីរបស់នាងនៅក្នុងស្ថានភាពដូច្នេះ។
520 ## - SUMMARY, ETC.
Summary, etc. Lvea Chek is Sorya’s stepmother. Her stepmother doesn’t like her and wants her to leave the house.<br/>Let's talk about a baby snake hiding in a cave that can transform itself into a handsome man.<br/>He was sailing when he met Sorya, who was drowning, and they fell in love.<br/>Her stepmother was unhappy and wanted him to turn back into a snake, so she gave him medicine that immediately transformed him into a snake.<br/>Sorya cried when she saw her husband like this.
521 8# - TARGET AUDIENCE NOTE
Target audience note 510 <br/>
Source Lexile estimate <br/>
521 8# - TARGET AUDIENCE NOTE
Target audience note K <br/>
Source Raz-Plus <br/>
650 ## - SUBJECT ADDED ENTRY--TOPICAL TERM
Topical term or geographic name entry element កូនពស់កេងកង
Form subdivision អក្សរសិល្ប៏ខ្មែរ
650 ## - SUBJECT ADDED ENTRY--TOPICAL TERM
Topical term or geographic name entry element The son of Keng Kang snake
Form subdivision Khmer Literature
700 ## - ADDED ENTRY--PERSONAL NAME
Personal name San , Thai
Relator term Illustrator
942 ## - ADDED ENTRY ELEMENTS (KOHA)
Source of classification or shelving scheme Dewey Decimal Classification
Koha item type Khmer Books
Suppress in OPAC No
Holdings
Withdrawn status Lost status Source of classification or shelving scheme Damaged status Not for loan Collection Home library Current library Shelving location Date acquired Total Checkouts Full call number Barcode Date last seen Copy number Price effective from Koha item type
    Dewey Decimal Classification     Khmer-English Bilingual / ភាសាខ្មែរ-អង់គ្លេស Footprints International School Library Network Toul Tom Poung Campus Footprints International School Library Network Toul Tom Poung Campus TTP Primary Khmer Bookshelves 10/07/2025   SOT PZ7 895.966 FISBK03825 10/07/2025 1 10/07/2025 Khmer Books
    Dewey Decimal Classification     Khmer-English Bilingual / ភាសាខ្មែរ-អង់គ្លេស Footprints International School Library Network Toul Tom Poung Campus Footprints International School Library Network Toul Tom Poung Campus TTP Primary Khmer Bookshelves 10/09/2025   SOT PZ7 895.966 FISBK03863 10/09/2025 2 10/09/2025 Khmer Books
    Dewey Decimal Classification     Khmer-English Bilingual / ភាសាខ្មែរ-អង់គ្លេស Footprints International School Library Network Toul Tom Poung Campus Footprints International School Library Network Toul Tom Poung Campus TTP Primary Khmer Bookshelves 11/21/2025   SOT PZ7 895.966 2025-4869 11/21/2025 3 11/21/2025 Khmer Books
    Dewey Decimal Classification     Khmer-English Bilingual / ភាសាខ្មែរ-អង់គ្លេស Footprints International School Library Network Toul Tom Poung Campus Footprints International School Library Network Toul Tom Poung Campus TTP Primary Khmer Bookshelves 11/21/2025   SOT PZ7 895.966 2025-4877 11/21/2025 4 11/21/2025 Khmer Books
    Dewey Decimal Classification     Khmer-English Bilingual / ភាសាខ្មែរ-អង់គ្លេស Footprints International School Library Network Toul Tom Poung Campus Footprints International School Library Network Toul Tom Poung Campus TTP Primary Khmer Bookshelves 11/27/2025   SOT PZ7 895.966 2025-4929 11/27/2025 5 11/27/2025 Khmer Books
    Dewey Decimal Classification     Khmer-English Bilingual / ភាសាខ្មែរ-អង់គ្លេស Footprints International School Library Network Toul Tom Poung Campus Footprints International School Library Network Toul Tom Poung Campus TTP Primary Khmer Bookshelves 11/27/2025   SOT PZ7 895.966 2025-4930 11/27/2025 6 11/27/2025 Khmer Books
    Dewey Decimal Classification     Khmer-English Bilingual / ភាសាខ្មែរ-អង់គ្លេស Footprints International School Library Network Toul Tom Poung Campus Footprints International School Library Network Toul Tom Poung Campus TTP Primary Khmer Bookshelves 11/27/2025   SOT PZ7 895.966 2025-4937 11/27/2025 7 11/27/2025 Khmer Books